[Event "Ostrava Konik op-B"]
[Site "Ostrava"]
[Date "2007.05.??"]
[Round "9"]
[White "Baros, Zbynek"]
[Black "Cubok, Milan"]
[Result "1-0"]
[WhiteElo "1985"]
[BlackElo "1900"]
[PlyCount "91"]
[EventDate "2007.05.??"]
[EventType "swiss"]
[EventRounds "9"]
[EventCountry "CZE"]
[SourceTitle "EXT 2010"]
[Source "ChessBase"]
[SourceDate "2010.11.25"]
[SourceVersion "1"]
[SourceVersionDate "2010.11.25"]
[SourceQuality "1"]

1. d4 d5 2. Nf3 Nf6 3. e3 Bf5 4. c4 e6 5. Qb3 b6 6. Nc3 Be7 7. h3 0-0 8. Nh4 Be4 9. Nxe4 Nxe4 10. Nf3 Nc6 11. cxd5 Na5 12. Qc2 exd5 13. Bd3 f5 14. Bd2 c5 15. Bxa5 bxa5 16. dxc5 Rc8 17. 0-0 Rxc5 18. Qa4 Qd6 19. Rac1 Bd8 20. Qd4 Bf6 21. Qa4 Bxb2 22. Rxc5 Qxc5 23. Qd7 Qd6 24. Qxa7 Nc5 25. Bc2 Bc3 26. Rb1 Ne4 27. Rb7 Be5 28. Rd7 Qb8 29. Qxb8 Bxb8 30. Rxd5 a4 31. Bxa4 Rc8 32. Bb3 Kh8 33. g3 g6 34. Rd7 Nc5 35. Rf7 Nxb3 36. axb3 Kg8 37. Rb7 Bd6 38. Ng5 Rc1+ 39. Kg2 h6 40. Nf7 Bf8 41. h4 Rc6 42. Ne5 Re6 43. Nc4 g5 44. hxg5 hxg5 45. Kf3 Re4 46. Rb5 1-0

[Event "Ostrava Konik op-B"]
[Site "Ostrava"]
[Date "2007.05.??"]
[Round "1"]
[White "Baros, Zbynek"]
[Black "Tomanek, Marek"]
[Result "1-0"]
[WhiteElo "1985"]
[BlackElo "1685"]
[PlyCount "51"]
[EventDate "2007.05.??"]
[EventType "swiss"]
[EventRounds "9"]
[EventCountry "CZE"]
[SourceTitle "EXT 2010"]
[Source "ChessBase"]
[SourceDate "2010.11.25"]
[SourceVersion "1"]
[SourceVersionDate "2010.11.25"]
[SourceQuality "1"]

1. d4 d5 2. Nf3 Nc6 3. Bf4 Bg4 4. Nbd2 Nf6 5. e3 e6 6. c3 Bd6 7. Qb3 Rb8 8. Ne5 Bxe5 9. dxe5 Nh5 10. h3 Nxf4 11. hxg4 Ng6 12. f4 0-0 13. 0-0-0 Ncxe5 14. fxe5 Qg5 15. Re1 Qxg4 16. e4 c6 17. Qc2 Qg5 18. exd5 cxd5 19. Kb1 b5 20. Nf3 Qg4 21. Rd1 Qf4 22. Rd4 Qe3 23. Bd3 Rfc8 24. Bxg6 fxg6 25. Re1 Qh6 26. Rh4 1-0

[Event "Ostrava Konik op-B"]
[Site "Ostrava"]
[Date "2007.05.??"]
[Round "6"]
[White "Petrov, Bogoljub"]
[Black "Baros, Zbynek"]
[Result "0-1"]
[WhiteElo "1995"]
[BlackElo "1985"]
[PlyCount "54"]
[EventDate "2007.05.??"]
[EventType "swiss"]
[EventRounds "9"]
[EventCountry "CZE"]
[SourceTitle "EXT 2010"]
[Source "ChessBase"]
[SourceDate "2010.11.25"]
[SourceVersion "1"]
[SourceVersionDate "2010.11.25"]
[SourceQuality "1"]

1. e4 e5 2. f4 Qh4+ 3. g3 Qe7 4. fxe5 d6 5. exd6 Qxe4+ 6. Qe2 Qxe2+ 7. Nxe2 Bxd6 8. Bg2 Nc6 9. c3 Bg4 10. d4 0-0-0 11. Ng1 Re8+ 12. Kf1 Nf6 13. Nf3 Re7 14. Bg5 Rhe8 15. Nbd2 Re2 16. Nc4 Rxg2 17. Kxg2 Re2+ 18. Kf1 Bxf3 19. Rg1 Ng4 20. Rh1 Nxh2+ 21. Rxh2 Rxh2 22. Nxd6+ cxd6 23. Re1 Rh1+ 24. Kf2 Rxe1 25. Kxe1 Bd5 26. a3 Bb3 27. Kf2 Kd7 0-1

[Event "Ostrava op-A"]
[Site "Ostrava"]
[Date "2003.05.08"]
[Round "7"]
[White "Vasiliadis, Grigorios"]
[Black "Baros, Zbynek"]
[Result "0-1"]
[WhiteElo "1740"]
[BlackElo "1981"]
[PlyCount "86"]
[EventDate "2003.05.03"]
[EventType "swiss"]
[EventRounds "10"]
[EventCountry "CZE"]
[SourceTitle "EXT 2006"]
[Source "ChessBase"]
[SourceDate "2005.11.24"]
[SourceVersion "1"]
[SourceVersionDate "2005.11.24"]
[SourceQuality "1"]

1. e4 d5 2. exd5 Qxd5 3. Nc3 Qa5 4. Rb1 c6 5. b4 Qc7 6. Bc4 Nf6 7. Nf3 Nbd7 8. 0-0 Nb6 9. Bb3 e6 10. a3 Bd6 11. d4 0-0 12. Qe2 a5 13. Ne4 Nbd5 14. Nxf6+ Nxf6 15. Bd2 axb4 16. axb4 b6 17. c4 Bb7 18. Bg5 c5 19. dxc5 bxc5 20. b5 Ne4 21. Bd2 Nxd2 22. Qxd2 Bxf3 23. gxf3 Bxh2+ 24. Kg2 Bf4 25. Qe2 Qe7 26. Rh1 f5 27. Rh5 Qf6 28. Rhh1 Qg5+ 29. Kf1 Rf6 30. Qd3 Rff8 31. Qd7 Qf6 32. Re1 Rfd8 33. Qxe6+ Qxe6 34. Rxe6 Rd2 35. Kg2 Rb2 36. Bd1 Raa2 37. Rf1 Kf7 38. Rc6 Be3 39. Ra6 Rxf2+ 40. Rxf2 Rxf2+ 41. Kg3 Rd2 42. Ba4 g5 43. b6 Bf4+ 0-1

[Event "Ostrava op-A"]
[Site "Ostrava"]
[Date "2003.05.06"]
[Round "5"]
[White "Ruzyak, Pavel"]
[Black "Baros, Zbynek"]
[Result "1/2-1/2"]
[WhiteElo "1550"]
[BlackElo "1981"]
[PlyCount "89"]
[EventDate "2003.05.03"]
[EventType "swiss"]
[EventRounds "10"]
[EventCountry "CZE"]
[SourceTitle "EXT 2006"]
[Source "ChessBase"]
[SourceDate "2005.11.24"]
[SourceVersion "1"]
[SourceVersionDate "2005.11.24"]
[SourceQuality "1"]

1. d4 d5 2. c4 Nc6 3. Nf3 Bg4 4. Nc3 dxc4 5. d5 Bxf3 6. gxf3 Ne5 7. f4 Nd7 8. e4 Nb6 9. Qf3 Nf6 10. Bg2 c6 11. dxc6 bxc6 12. 0-0 e6 13. f5 e5 14. Rd1 Qc7 15. Bg5 Be7 16. Bf1 0-0 17. Be2 Rfd8 18. Qg2 Ne8 19. h4 Bxg5 20. hxg5 Rxd1+ 21. Rxd1 Rd8 22. g6 Rxd1+ 23. Bxd1 Qd7 24. gxh7+ Kxh7 25. Qh2+ Kg8 26. Qxe5 Nd6 27. Qd4 Nb5 28. Qxd7 Nxd7 29. Be2 Nb6 30. Nxb5 cxb5 31. b3 c3 32. Bd3 Nd7 33. f4 Nc5 34. Bc2 a5 35. a3 a4 36. bxa4 Nxa4 37. Kf2 Nb2 38. Ke3 Nc4+ 39. Kd4 Nxa3 40. Kxc3 Nc4 41. Kb4 Ne3 42. Bb3 Ng2 43. Kxb5 Nxf4 44. Kc5 Kf8 45. e5 1/2-1/2